Sports Quiz

Random Sports Quiz

Days of the Week Quiz Stats

 Plays Quiz not verified by Sporcle

Challenge
Share
Tweet
Score 0/7 Timer 07:00
0 Plays Today
% Correct
Leg Day
100%
Arm Day
100%
International Chest Day
93.8%
Back in the Gym!
93.8%
Leg Day 2
93.8%
Cardio
87.5%
Rest Day
87.5%

You're not logged in!

Compare scores with friends on all Sporcle quizzes.
OR
Log In

You Might Also Like...

Show Comments

Extras

Created Jan 14, 2016ReportNominate
Tags:gym, week

Top Quizzes Today


Score Distribution

Your Account Isn't Verified!

In order to create a playlist on Sporcle, you need to verify the email address you used during registration. Go to your Sporcle Settings to finish the process.

Report this User

Report this user for behavior that violates our Community Guidelines.

Details: